000 00658nam a2200193 i 4500
001 90124
003 ES-MaACL
005 20230906180345.0
007 t|
008 050118s1966 sp ||||1| spa d
100 1 _aLefebvre, Xavier.
_971230
245 1 3 _aEl niño ante Dios
_b: la educación religiosa en la primera infancia (de los 3 a los 5 años) /
_cJavier Lefebvre, Luis Perin ; [versión española de Isidro Larrauri].
250 _a[4ª ed.].
260 _a[Bilbao] :
_bDesclée de Brouwer,
_c1966.
300 _a277 p. ;
_c19 cm.
700 1 _aPerin, Luis.
_991271
700 1 _aLarrauri, Isidro.
_970321
852 _aES-MaACL
_jC-31007
_bR.61669
999 _c90124
_d90124